AS Roma Squad 2024-2025 - Statistics

General Stats
  • This quiz has been taken 565 times
    311 since last reset
  • The average score is 25 of 32
Answer Stats
# Position Nation Player % Correct
21 FW Argentina Paulo Dybala
98%
11 FW Ukraine Artem Dovbyk
96%
7 MF Italy Lorenzo Pellegrini
94%
16 MF Argentina Leandro Paredes
93%
99 GK Serbia Mile Svilar
93%
5 DF Ivory Coast Evan N'Dicka
92%
23 DF Italy Gianluca Mancini
89%
4 MF Italy Bryan Cristante
88%
- Coach Italy Claudio Ranieri
88%
17 MF France Manu Koné
88%
19 DF Turkey Zeki Çelik
88%
14 FW Uzbekistan Eldor Shomurodov
87%
18 FW Argentina Matías Soulé
87%
15 DF Germany Mats Hummels
86%
3 DF Spain Angeliño
84%
- Coach Italy Daniele De Rossi
84%
59 MF Poland Nicola Zalewski
83%
- Coach Croatia Ivan Jurić
82%
92 FW Italy Stephan El Shaarawy
79%
56 FW Belgium Alexis Saelemaekers
77%
22 DF Spain Mario Hermoso
75%
12 DF Saudi Arabia Saud Abdulhamid
75%
61 MF Italy Niccolò Pisilli
74%
98 GK Australia Mathew Ryan
72%
2 DF Netherlands Devyne Rensch
71%
95 GK Italy Pierluigi Gollini
67%
35 MF Italy Tommaso Baldanzi
56%
28 MF France Enzo Le Fée
55%
25 DF Denmark Victor Nelsson
51%
34 DF Netherlands Anass Salah-Eddine
49%
26 DF Sweden Samuel Dahl
45%
27 MF France Lucas Gourna-Douath
40%
No matching quizzes found
Score Distribution
Percent of People with Each Score
Percentile by Number Answered
Your Score History
You have not taken this quiz since the last reset